书目信息 |
| 题名: |
水泥烧成工艺
|
|
| 作者: | ;首都水泥工业学校 主编 | |
| 分册: | ||
| 出版信息: | 北京 中国建筑工业出版社 1974 |
|
| 页数: | 393页 | |
| 开本: | 19cm | |
| 丛书名: | ||
| 单 册: | ||
| 中图分类: | TQ172.6 | |
| 科图分类: | ||
| 主题词: | 烧结--水泥--生产工艺 , 水泥--烧结--生产工艺 , 水泥--化学工业 | |
| 电子资源: | ||
| ISBN: | ||
| 000 | 00729nam0 2200265 45 980 | |
| 001 | 0637894328 | |
| 005 | 20060803103324.40 | |
| 010 | @dCNY0.80 | |
| 091 | @a15040.3121 | |
| 100 | @a19970728d1974 em y0chiy0121 ea | |
| 101 | 0 | @achi |
| 102 | @aCN@b110000 | |
| 105 | @ay z 000yy | |
| 106 | @ar | |
| 200 | 10 | @a水泥烧成工艺@Ashui ni shao cheng gong yi@f首都水泥工业学校主编 |
| 205 | @a修订2版 | |
| 210 | @a北京@c中国建筑工业出版社@d1974 | |
| 215 | @a393页@d19cm | |
| 606 | @a烧结--水泥@x生产工艺 | |
| 606 | @a水泥--烧结@x生产工艺 | |
| 606 | 0 | @a水泥@x化学工业 |
| 690 | @aTQ172.6@v3 | |
| 711 | 02 | @a首都水泥工业学校@4主编@Ashou dou shui ni gong ye xue xiao |
| 801 | 0 | @c20060803 |
| 905 | @a10447@dTQ172.6@e20 | |
| 水泥烧成工艺/首都水泥工业学校主编 .-修订2版 .-北京:中国建筑工业出版社,1974 |
| 393页;19cm |
| ISBN :CNY0.80 |
| ● |
| 相关链接 |
|
|
|
|
正题名:水泥烧成工艺
索取号:TQ172.6/20
 
预约/预借
| 序号 | 登录号 | 条形码 | 馆藏地/架位号 | 状态 | 备注 |
| 1 | 0439587 | 204395877 | 密集书库/ [索取号:TQ172.6/20] | 在馆 |